Т. 332, № 8; Известия Томского политехнического университета [Известия ТПУ]. Инжиниринг георесурсов

Podrobná bibliografie
Parent link:Известия Томского политехнического университета [Известия ТПУ]. Инжиниринг георесурсов/ Национальный исследовательский Томский политехнический университет (ТПУ). Т. 332, № 8.— , 2015-.— 2413-1830
Jazyk:ruština
Vydáno: 2021
Témata:
On-line přístup:http://earchive.tpu.ru/bitstream/11683/68368/1/bulletin_tpu-2021-v332-i8.pdf
https://doi.org/10.18799/24131830/2021/8
Médium: Elektronický zdroj Kniha
KOHA link:https://koha.lib.tpu.ru/cgi-bin/koha/opac-detail.pl?biblionumber=346407

MARC

LEADER 00000nlm2a2200000 4500
001 346407
005 20231102005901.0
035 |a (RuTPU)RU\TPU\book\378288 
035 |a RU\TPU\book\378214 
090 |a 346407 
100 |a 20210831d2021 k y0rusy50 ca 
101 0 |a rus 
102 |a RU 
135 |a drcn ---uucaa 
181 0 |a i  
182 0 |a b 
200 0 |a Т. 332, № 8 
203 |a Текст  |c электронный 
210 |d 2021 
320 |a Библиогр. в конце статей 
461 1 |0 (RuTPU)RU\TPU\book\312844  |x 2413-1830  |t Известия Томского политехнического университета [Известия ТПУ]. Инжиниринг георесурсов  |f Национальный исследовательский Томский политехнический университет (ТПУ)  |v Т. 332, № 8  |d 2015-  
601 0 2 |a Национальный исследовательский Томский политехнический университет (ТПУ)  |c (2009- )  |2 stltpush  |3 (RuTPU)RU\TPU\col\15902 
606 1 |a Научно-технический потенциал  |2 stltpush  |3 (RuTPU)RU\TPU\subj\45166  |9 64427 
610 1 |a научные исследования 
610 1 |a природные воды 
610 1 |a геохимические особенности 
610 1 |a облученное топливо 
610 1 |a диоксид урана 
610 1 |a георесурсы 
610 1 |a нефтяные скважины 
610 1 |a газовые скважины 
610 1 |a штанговые насосы 
610 1 |a нефтедобывающие скважины 
610 1 |a энергопотребление 
610 1 |a калийные удобрения 
610 1 |a деградация 
610 1 |a ферроцианид калия 
610 1 |a гидродинамика 
610 1 |a шлам 
610 1 |a радиационные аварии 
610 1 |a Горный Алтай 
610 1 |a геохимия 
610 1 |a петрология 
610 1 |a флюидные системы 
610 1 |a теплообмен 
610 1 |a пористые среды 
610 1 |a продуктивные пласты 
610 1 |a Западная Сибирь 
610 1 |a станки-качалки 
610 1 |a живетские отложения 
610 1 |a цеолиты 
610 1 |a Якутия 
610 1 |a теплоизоляционные материалы 
610 1 |a подземные выработки 
610 1 |a обрушения 
610 1 |a нефтегазодобыча 
610 1 |a сенсоры 
610 1 |a сейсморазведка 
610 1 |a гидрогеологические условия 
610 1 |a ресурсы 
610 1 |a минеральные воды 
610 1 |a электронный ресурс 
675 |a 62  |v 3 
801 2 |a RU  |b 63413507  |c 20220114  |g RCR 
856 4 0 |u http://earchive.tpu.ru/bitstream/11683/68368/1/bulletin_tpu-2021-v332-i8.pdf 
856 4 0 |u https://doi.org/10.18799/24131830/2021/8 
942 |c CF